000 00673am a2200253a 44500
003 AR-BaBNM
005 20251128211008.0
008 200603s1983 Arg|||||||||||000 | esp||
040 _cAR-BaBNM
100 1 _aColauti, Carlos E.
245 1 0 _aProyectos constitucionales patrios
260 _aBuenos Aires
_bEdiciones Culturales Argentinas
_c1983
300 _a149 p.
650 4 _aHISTORIA ARGENTINA
650 4 _aHISTORIA POLITICA
650 4 _aHISTORIA CONSTITUCIONAL
650 4 _aASAMBLEA DE 1813
650 4 _aCONSTITUCIONES
650 4 _aPODER EJECUTIVO
650 4 _aPODER LEGISLATIVO
650 4 _aPODER JUDICIAL
942 _cBK
998 _cmariana
999 _c17806
_d17806